South America Countries Quiz - Statistics

General Stats
  • This quiz has been taken 23 times
  • The average score is 12 of 14
Answers on the Map
Answers color-coded by a green-red scale on the quiz's map according to % correct below.
 
Answer Stats
Answer % Correct
Argentina
100%
Brazil
100%
Chile
100%
Uruguay
100%
Colombia
95%
Paraguay
95%
Venezuela
95%
Bolivia
89%
Peru
89%
French Guiana
84%
Ecuador
74%
Guyana
68%
Suriname
68%
Falkland Islands
63%
No matching quizzes found
Score Distribution
Percent of People with Each Score
Percentile by Number Answered
Your Score History
You have not taken this quiz